| 000 | 00347nam a22001337a 4500 | ||
|---|---|---|---|
| 008 | 170225b xxu||||| |||| 00| 0 eng d | ||
| 020 | _a9781401838492 | ||
| 041 | _aeng | ||
| 080 |
_22ND _a617 |
||
| 100 | _a5 | ||
| 101 | _aSHK | ||
| 245 |
_aSTUDY GUIDE TO ACCOMPANY SURGICAL TECHNOLOGY FOR THE SURGICAL TECHNOLOGIST _cJUNGE, T .L |
||
| 942 |
_2udc _cBK |
||
| 999 |
_c6240 _d6240 |
||